| 000 | 00844cam a2200265 i 4500 | ||
|---|---|---|---|
| 001 | 3816 | ||
| 005 | 20240515082320.0 | ||
| 020 | _a9780307118387 | ||
| 040 |
_aDLC _cDLC _dDLC _beng |
||
| 050 | 0 | 0 | _aPZ7.M462 |
| 082 | 0 | 0 | _a823.9 |
| 100 | 1 |
_aMayer, Mercer _d1943- |
|
| 245 | 1 | 0 |
_aJust for you / _cby Mercer Mayer |
| 250 | _aFirst Random House Edition 2003 | ||
| 260 |
_aNew York : _bGolden Press, _c1975 |
||
| 300 |
_a24 unnumbered pages : _bcolor illustrations ; _c21 cm. |
||
| 490 | _a Little Critter | ||
| 505 | _aG | ||
| 520 | _aA little creature tries and tries to do something special for his mother but something always seems to go wrong. | ||
| 521 |
_a390
_bLexile AD |
||
| 521 |
_aG
_bRaz-Plus |
||
| 650 | 1 |
_aMother and child _xFiction. |
|
| 906 |
_a7 _bcbc _corignew _d2 _eocip _f19 _gy-gencatlg |
||
| 942 |
_2ddc _cBK _n0 |
||
| 999 |
_c3816 _d3816 |
||